Tables of integral transforms /
Guardado en:
| Autores Corporativos: | , |
|---|---|
| Otros Autores: | , |
| Formato: | Libro |
| Idioma: | English |
| Publicado: |
New York :
McGraw-Hill,
1954.
|
| Etiquetas: |
Agregar Etiqueta
Sin Etiquetas, Sea el primero en etiquetar este registro!
|
| LEADER | 01103nam a22002175a 4500 | ||
|---|---|---|---|
| 001 | MAT.inmabb000283 | ||
| 008 | 740212s1954####nyu###########001#0#eng## | ||
| 005 | 20110224135028.0 | ||
| 245 | 1 | 0 | |a Tables of integral transforms / |c based, in part, on notes left by Harry Bateman, and compiled by the staff of the Bateman Manuscript Project ; [A. Erdélyi, editor. W. Magnus, F. Oberhettinger, F. G. Tricomi, research associates]. |
| 260 | |a New York : |b McGraw-Hill, |c 1954. | ||
| 300 | |a 2 v. ; |c 24 cm. | ||
| 500 | |a "Prepared at the California Institute of Technology under contract no. N6onr-244, task order XIV, with the Office of Naval Research. Project designation number: NR043-045." | ||
| 500 | |a "Intended as companions and sequel to [its] ... Higher transcendental functions." | ||
| 510 | 4 | |a MR, |c 15,868a | |
| 110 | 2 | |a Bateman Manuscript Project. | |
| 700 | 1 | |a Bateman, Harry, |d 1882-1946. | |
| 700 | 1 | |a Erdélyi, Arthur. |4 edt | |
| 710 | 1 | |a United States. |b Office of Naval Research. | |
| 084 | |a 44-00 |2 msc2000 | ||
| 859 | |h 44 |i B328 |p A-11 |3 v. 1 |b BIB. MATEMATICA | ||
| 859 | |h 44 |i B328 |p A-12 |3 v. 2 |b BIB. MATEMATICA | ||
